| 000 | 00682cab a2200241 4500 | ||
|---|---|---|---|
| 001 | ABS54426 | ||
| 008 | 090401t1995 xxu||||| |||| 00| 0 eng d | ||
| 035 | _a(Sirsi) u10259 | ||
| 041 | _aeng | ||
| 100 | _aGilbert, D.E. | ||
| 245 | _aMarket rent: what is it? | ||
| 260 | _c1995 | ||
| 350 | _a0 | ||
| 490 |
_aValuer and Land Economist _v626(5) November 1995, 680-683(4) |
||
| 520 | _aSets out to provide a definition of market rent. Australian perspective on the international definition. | ||
| 650 | _aAUSTRALIA | ||
| 650 | _aMARKET RENT | ||
| 650 | _aOCCUPANCY COSTS | ||
| 650 | _aRENTAL COSTS | ||
| 690 | _aRATING AND VALUATION | ||
| 942 | _n0 | ||
| 948 | _c04/03/1997 | ||
| 999 |
_c6450 _d6450 |
||